MARC details
| 000 -LÍDER |
| campo de controle de tamanho fixo |
01314nam a22003257a 4500 |
| 001 - NÚMERO DE CONTROLE |
| campo de controle |
BR8400587 |
| 003 - IDENTIFICADOR DO NÚMERO DE CONTROLE |
| campo de controle |
BR-BrBNA |
| 005 - DATA E HORÁRIO DA ÚLTIMA TRANSAÇÃO |
| campo de controle |
20230928091846.0 |
| 007 - CAMPO FIXO DE DESCRIÇÃO FÍSICA--INFORMAÇÃO GERAL |
| campo de controle de tamanho fixo |
ta |
| 008 - CAMPO DE DADOS FIXOS--INFORMAÇÃO GERAL |
| campo de controle de tamanho fixo |
230509b bl.||||| |||| 00| 0 por d |
| 040 ## - FONTE DA CATALOGAÇÃO |
| Instituição da catalogação original |
BR-BrBNA |
| Idioma da catalogação |
por |
| Instituição que transcreveu o registro |
Biblioteca Nacional de Agricultura |
| 041 ## - CÓDIGO DE IDIOMA |
| Código do idioma do texto/trilha sonora ou título diferente |
(Por) |
| 072 ## - CÓDIGO DE CATEGORIA DE ASSUNTO |
| Código de Categoria de Assunto |
F00; P05 |
| Código do objeto |
0337 |
| -- |
0334 |
| -- |
1540 |
| -- |
0240 |
| -- |
0220 |
| 090 ## - NÚMERO DE CHAMADA LOCAL |
| -- |
0337 BR8400587 |
| 110 1# - ENTRADA PRINCIPAL--NOME CORPORATIVO |
| Nome corporativo ou nome da jurisdição |
Instituto de Pesquisas Agronomicas, Porto Alegre, RS (Brasil) |
| 9 (RLIN) |
6134 |
| 111 1# - ENTRADA PRINCIPAL--NOME DO EVENTO |
| Nome do evento ou lugar |
1. Reuniao Tecnica Anual de Culturas Energeticas do IPAGRO |
| Local do evento |
Porto Alegre, RS (Brazil) |
| Data do evento ou assinatura do tratado |
26 Apr 1983 |
| 245 1# - TÍTULO |
| Título |
Culturas energeticas (girassol, colza, mandioca, sorgo sacarino, beterraba acucareira)[Helianthus annuus, Brassica napus, Manihot esculenta, Sorghum sacarino, Beta vulgaris] |
| Restante do título |
Resultados experimentais 1982/83 |
| 246 1# - FORMA VARIANTE DO TÍTULO |
| Título/título abreviado |
[Energetic crops (sunflower, rape, cassava, saccharine sorghum, sugar beetroot [Helianthus annuus, Brassica napus, Manihot esculenta, saccharine sorghum, Beta vulgaris]] |
| 260 3# - PUBLICAÇÃO, DISTRIBUIÇÃO, ETC. |
| Local de publicação, distribuição, etc. |
Porto Alegre, RS (Brasil): |
| Data da publicação, distribuição, etc. |
1983. |
| 300 ## - DESCRIÇÃO FÍSICA |
| Extensão |
190 p. |
| 650 ## - ASSUNTO--TERMO TÓPICO |
| Cabeçalho tópico ou nome geográfico |
GIRASSOL |
| 650 ## - ASSUNTO--TERMO TÓPICO |
| Cabeçalho tópico ou nome geográfico |
COLZA |
| 650 ## - ASSUNTO--TERMO TÓPICO |
| Cabeçalho tópico ou nome geográfico |
MANDIOCA |
| 650 ## - ASSUNTO--TERMO TÓPICO |
| Cabeçalho tópico ou nome geográfico |
SORGO ACUCAREIRO |
| 650 ## - ASSUNTO--TERMO TÓPICO |
| Cabeçalho tópico ou nome geográfico |
CULTURA ENERGETICA |
| 650 ## - ASSUNTO--TERMO TÓPICO |
| Cabeçalho tópico ou nome geográfico |
BETERRABA ACUCAREIRA |
| 650 ## - ASSUNTO--TERMO TÓPICO |
| Cabeçalho tópico ou nome geográfico |
ENERGIA |
| 909 ## - |
| -- |
202309 |
| -- |
Lucia |
| -- |
55 |
| -- |
Lucia Elande |
| 942 ## - ELEMENTOS DE ENTRADA ADICIONADOS (KOHA) |
| Tipo de material Koha |
Livros |